00896nam a2200253 i 4500003000900000005001700009007000300026008004100029040003000070082001900100100004400119245005500163264004500218300002800263336002700291337003300318338002800351586004900379590002600428910001500454942001400469952014200483999001700625DO-SdBNP20241016152700.0ta241016b1992 dr ||||| |||| 00| 0 spa d aDO-SdBNPbspacBNPHUerda 4axxxbM425b2221 aMateo, Andrés L.,eautor4aut.96565513aLa balada de Alfonsina Barian /cAndrés L. Mateo 4aSanto Domingo :bEditorial BNPHU,c1992. a123 páginas ;c21 cm. atextobtxt2rdacontent asin mediaciónbn2rdamedia avolumenbnc2rdacarrier aPremio de Novela Pedro Henríquez Ureña.  aInventariado, 2024/BT aBtavárez 2ddccLBS1 00102ddc51708PDaBNPHUbBNPHUcCTd2024-10-16eDonado por Ilonka Nacidifl0oBNPHU PD M425bp2024-5908r2024-10-16w2024-10-16yLBS1 c57885d57885